000
00306nam a2200109Ia 4500
008
210430s9999 xx 000 0 und d
082
_a
519.40285 F255A
100
_a
Laurence V. Fausett
_9
54704
245
_a
applied numerical analysis using matlab
_c
Laurence V. Fausett
300
_a
697
942
_c
BK
_2
ddc
999
_c
565383
_d
565383